000 00701nam a2200289Ia 4500
005 20260324140509.0
008 008 260324s9999 xx 000 0 eng d
020 _a9780429480492
037 _aEBOOK
040 _aCRL
040 _beng
040 _cCRL
041 _2eng
041 _aeng
084 _qCRL
100 _aDomenico Di Ceglie
_91204617
245 0 _aStranger in My Own Body
245 0 _bAtypical Gender Identity Development and Mental Health
260 _bTaylor and Francis
260 _c1998
365 _a
365 _b205
856 _uhttp://www.taylorfrancis.com/books/9780429480492
942 _cEBOOK
999 _c1806772
_d1806772